01341nam a22003137a 450000100060000000300040000600500170001000800410002702000180006804000110008608200200009710000610011724501180017825000120029626000460030830000110035465000350036565000590040065000690045965000470052865000500057565000530062565000510067865000600072965000780078965000380086765000760090565000460098136376Ost20260507154555.0251113s9999||||xx |||||||||||||| ||eng|| a9789390900961 cnitttr a342.54bRAI-BHA aRai Ram bahadur - राय राम बहादुर 0aBhartiya Samvidhaan : Anakahi Kahaani - भारतीय संविधान: अनकही कहानी a1st Ed. aNew Delhi, IndiabPrabhat Prakashanc2024 a501 p. a अनकहे तथ्य  a ऐतिहासिक पृष्ठभूमि  a भारत का संवैधानिक विकास a भारतीय राजनीति  a राजनीतिक इतिहास  a राष्ट्रीय आंदोलन  a लोकतंत्र और शासन  a संविधान के निर्माता  a संविधान निर्माण प्रक्रिया  a संविधान सभा  a सामाजिक और वैचारिक संघर्ष  aभारतीय संविधान